00000000nam##2200000za#4500
0019.618355
003CaOODSP
00520210615102755
007ta
008150406|2007||||xxc|||||     f|0| 0 eng|d
022 |a0706-6457
040 |aCaOODSP|beng
043 |an-cn---
0861 |aFs97-6/2700E
1101 |aCanada. |bDepartment of Fisheries and Oceans.
24510|aStatus of the European green crab, Carcinus maenas, in British Columbia - 2006 / |cby G. E. Gillespie ... [et al].
260 |aNanaimo - British Columbia : |bFisheries and Oceans Canada |c2007.
300 |avii, 39p. : |bcoloured maps, figs., graphs, references, tables, photographs ; |c28 cm.
4901 |aCanadian technical report of fisheries and aquatic sciences|x0706-6457|vNo. 2700
500 |a"Fisheries and Oceans Canada, Science Branch, Pacific Region, Pacific Biological Station, Nanaimo, British Columbia V9T 6N7".
5203 |aThis report is part of a series containing scientific and technical information that widens existing scientific knowledge but is not considered appropriate for publication in the primary literature. The research covers such subjects as ecosystem models, methods for enhancing aquaculture, commercial fishing equipment, and environmental threats to aquatic quality and fisheries resources. Includes tables, graphs, and charts.
546 |a(Résumé en français.)
563 |aSoftcover
590 |a07-23|b2007-06-08
7201 |aGillespie, G. E.
7760#|tStatus of the European green crab, Carcinus maenas, in British Columbia - 2006 / |w(CaOODSP)9.574236
830#0|aCanadian technical report of fisheries and aquatic sciences,|x0706-6457|vNo. 2700|w(CaOODSP)9.514691